000 00634nam a2200193 i 4500
001 98863
003 ES-MaACL
005 20230906182409.0
007 t|
008 950915s1881 sp ||||1| spa d
040 _aCAM
_bspa
_cCAM
100 1 _aEchegaray, José,
_d1832-1916
_946526
245 1 0 _aHaroldo el normando
_b: leyenda trágica en tres actos y en verso /
_cpor José Echegaray.
250 _a4ª ed.
260 _aMadrid :
_b[s.n.,
_c1881] (
_fImpr. de Cosme Rodríguez)
300 _a96 p. ;
_c20 cm.
852 _aES-MaACL
_jB-3096(1)
_q. - Ded. autógr. del autor
_z.- Enc. en un vol. facticio
999 _c98863
_d98863